|
|
|
|
| LEADER |
01071pam a22003018a 4500 |
| 001 |
00034929 |
| 005 |
20171026081023.0 |
| 008 |
161107s2014 ||||||Viesd |
| 020 |
# |
# |
|c 125000
|a 978 604 73 2197 1
|
| 041 |
0 |
# |
|a Vie
|
| 082 |
1 |
4 |
|a 149
|b CH500NGH
|
| 245 |
0 |
0 |
|a Chủ nghĩa hiện đại và phong trào tôn giáo mới ở Việt Nam và thế giới
|
| 260 |
# |
# |
|a TP. Hồ Chí Minh
|b Đại Học quốc gia TP. Hồ Chí Minh
|c 2014
|
| 300 |
# |
# |
|a 345tr.
|c 24 cm.
|
| 500 |
# |
# |
|a ĐTTS:Đại học QG TP. HCM. Trường ĐH KHXH và NV. Trung tâm nghiên cứu tôn giáo
|
| 653 |
# |
# |
|a Chủ nghĩa hậu hiện đại
|
| 653 |
# |
# |
|a Việt Nam
|
| 653 |
# |
# |
|a Tôn giáo
|
| 653 |
# |
# |
|a Triết học
|
| 852 |
# |
# |
|b Kho mượn
|j KM.0019522, KM.0019523
|
| 852 |
# |
# |
|j KM.0019523
|j KD.0018773
|j KM.0019522
|
| 852 |
# |
# |
|b Kho đọc
|j KD.0018773
|
| 910 |
|
|
|d 07/11/2016
|
| 980 |
# |
# |
|a Trung tâm Học liệu Lê Vũ Hùng, Trường Đại học Đồng Tháp
|